| 000 | 00471nam a22001817a 4500 | ||
|---|---|---|---|
| 008 | 170612b xxu||||| |||| 00| p tur d | ||
| 020 | _a9753638388 | ||
| 041 | _atur | ||
| 050 | _aPL248.A588 | ||
| 100 |
_9386 _aMetin Altıok |
||
| 245 | _aBir Acıya Kiracı Bütün Şiirleri | ||
| 250 | _a4. baskı | ||
| 260 |
_aİstanbul _bYapı Kredi Yayınları _cEylül 2000 |
||
| 300 | _a432 sayfa | ||
| 500 | _aŞiir 95 | ||
| 650 | 0 |
_9145 _aTürk Edebiyatı |
|
| 942 |
_2lcc _cBK |
||
| 999 |
_c1243 _d1221 |
||